000
00212 a2200097 4500
020
_a
9780531162095
041
_a
eng
100
_a
McDonald, Fiona
245
_a
You wouldnt want to be an Aztec sacrifice
942
_c
BK
999
_c
9643
_d
9643